AH International Schools' Libraries

Oliver's fruit salad / (Record no. 50177)

MARC details
000 -LEADER
fixed length control field 00318nam a2200109 4500
020 ## - INTERNATIONAL STANDARD BOOK NUMBER
International Standard Book Number 9781444937633
100 ## - MAIN ENTRY--PERSONAL NAME
Personal name French, Vivian
9 (RLIN) 22534
245 ## - TITLE STATEMENT
Title Oliver's fruit salad /
Statement of responsibility, etc Vivian French & Alison Barlett
260 ## - PUBLICATION, DISTRIBUTION, ETC. (IMPRINT)
Place of publication, distribution, etc London
Name of publisher, distributor, etc Hodder Children's Books
Date of publication, distribution, etc 1998
300 ## - PHYSICAL DESCRIPTION
Extent unpaged.
Other physical details col. ill.
Dimensions 25 cm.
942 ## - ADDED ENTRY ELEMENTS (KOHA)
Source of classification or shelving scheme
Koha item type Book
Holdings
Withdrawn status Lost status Source of classification or shelving scheme Damaged status Not for loan Collection code Home library Current library Shelving location Date acquired Total Checkouts Full call number Barcode Date last seen Price effective from Koha item type
          TEACHERS' RESOURCES Asian Hope Early Years Library Asian Hope Early Years Library Easy Reading 02/10/2026   E FRE 211063 02/10/2026 02/10/2026 Book

For any Logos Library related questions please contact Miss Art at swongnarasuk@asianhope.org.

For any Asian Hope Library related questions please contact Miss Raza at graza@asianhope.org.

Powered by Koha